[Event "De Verteuil Memorial 26th"]
[Site "Port of Spain"]
[Date "2018.10.18"]
[Round "3"]
[White "Rambally, Eon"]
[Black "Valentine, Bryan"]
[Result "0-1"]
[WhiteElo "1211"]
[BlackElo "1424"]
[PlyCount "46"]
[EventDate "2018.10.04"]
[EventType "swiss"]
[EventRounds "7"]
[EventCountry "TRI"]
[SourceTitle "CBM 187 Extra"]
[Source "ChessBase"]
[SourceDate "2018.11.04"]
[SourceVersion "1"]
[SourceVersionDate "2018.11.04"]
[SourceQuality "1"]

1. c4 c5 2. Nc3 g6 3. e4 Bg7 4. f4 e5 5. f5 gxf5 6. exf5 d6 7. Qg4 Bf8 8. Qf3 Nc6 9. Nd5 Nd4 10. Qc3 Bxf5 11. Bd3 e4 12. Bb1 Bg7 13. Kf2 Nf6 14. Nxf6+ Bxf6 15. Qe3 Nc2 16. Qf4 Nd4 17. Bxe4 Be5 18. Qe3 Qh4+ 19. g3 Qxe4 20. Nf3 Nc2 21. Qxe4 Bxe4 22. Rb1 Nd4 23. Nxd4 Bxd4+ 0-1

[Event "De Verteuil Memorial 25th"]
[Site "Port of Spain"]
[Date "2017.11.02"]
[Round "5"]
[White "Rambally, Eon"]
[Black "Valentine, Bryan"]
[Result "1/2-1/2"]
[WhiteElo "1293"]
[BlackElo "1452"]
[PlyCount "73"]
[EventDate "2017.10.05"]
[EventType "swiss"]
[EventRounds "7"]
[EventCountry "TRI"]
[SourceTitle "CBM 187 Extra"]
[Source "ChessBase"]
[SourceDate "2018.11.04"]
[SourceVersion "1"]
[SourceVersionDate "2018.11.04"]
[SourceQuality "1"]

1. c4 e5 2. Nc3 Nf6 3. Qc2 Be7 4. b3 c5 5. Bb2 Nc6 6. 0-0-0 d6 7. Nd5 Nxd5 8. cxd5 Nb4 9. Qc4 Nxa2+ 10. Kb1 Qa5 11. Qa4+ Qxa4 12. bxa4 Nb4 13. e4 Bd7 14. Bb5 Bxb5 15. axb5 0-0 16. Ne2 Nd3 17. Rhf1 f5 18. f3 b6 19. Bc3 a6 20. Kc2 fxe4 21. fxe4 Nf2 22. Ra1 Nxe4 23. Rxf8+ Kxf8 24. Rxa6 Rb8 25. d3 Nf6 26. Ng3 Nxd5 27. Ra2 g6 28. Kb3 Nc7 29. Ka4 Ra8+ 30. Kb3 Rxa2 31. Kxa2 Nxb5 32. Kb3 d5 33. Bxe5 c4+ 34. dxc4 dxc4+ 35. Kxc4 Na3+ 36. Kb3 b5 37. Bf6 1/2-1/2

[Event "De Verteuil Memorial 25th"]
[Site "Port of Spain"]
[Date "2017.10.26"]
[Round "4"]
[White "Bowles, Andrew"]
[Black "Rambally, Eon"]
[Result "1-0"]
[WhiteElo "1851"]
[BlackElo "1293"]
[PlyCount "53"]
[EventDate "2017.10.05"]
[EventType "swiss"]
[EventRounds "7"]
[EventCountry "TRI"]
[SourceTitle "CBM 187 Extra"]
[Source "ChessBase"]
[SourceDate "2018.11.04"]
[SourceVersion "1"]
[SourceVersionDate "2018.11.04"]
[SourceQuality "1"]

1. e4 c5 2. Nc3 Nc6 3. Nf3 b6 4. d4 d6 5. Bc4 Bb7 6. 0-0 e6 7. d5 Na5 8. Bb5+ Ke7 9. Be2 Bc8 10. e5 f6 11. exf6+ gxf6 12. dxe6 Bxe6 13. Nd5+ Kf7 14. Nh4 Bg7 15. Re1 Nc6 16. Bh5+ Kf8 17. Rxe6 f5 18. Nxf5 Qd7 19. Nxg7 Qxg7 20. Qf3+ Nf6 21. Rxf6+ Kg8 22. Bf7+ Kf8 23. Bh6 Qxh6 24. Rxh6 Ne5 25. Qf6 Ng4 26. Qxh8+ Kxf7 27. Qxa8 1-0

[Event "De Verteuil Memorial 25th"]
[Site "Port of Spain"]
[Date "2017.10.05"]
[Round "1"]
[White "Jones, David"]
[Black "Rambally, Eon"]
[Result "1-0"]
[WhiteElo "1890"]
[BlackElo "1293"]
[PlyCount "83"]
[EventDate "2017.10.05"]
[EventType "swiss"]
[EventRounds "7"]
[EventCountry "TRI"]
[SourceTitle "CBM 187 Extra"]
[Source "ChessBase"]
[SourceDate "2018.11.04"]
[SourceVersion "1"]
[SourceVersionDate "2018.11.04"]
[SourceQuality "1"]

1. d4 e6 2. Nf3 d6 3. Bg5 Be7 4. Bxe7 Qxe7 5. e3 c5 6. c3 Nc6 7. Bd3 d5 8. 0-0 c4 9. Bc2 Nf6 10. Nbd2 0-0 11. e4 Re8 12. Re1 Bd7 13. exd5 Nxd5 14. Nxc4 Nf4 15. Nce5 Nxe5 16. Nxe5 Bc8 17. Qg4 Nd5 18. Rad1 f6 19. Nf3 Qd6 20. Bxh7+ Kf7 21. Bg6+ Kf8 22. Bxe8 Kxe8 23. Qxg7 b5 24. Nd2 f5 25. Nf3 Rb8 26. Ne5 Rb7 27. Qh8+ Qf8 28. Qxf8+ Kxf8 29. Rd3 Rg7 30. Rh3 Bb7 31. Rh8+ Ke7 32. Rb8 Kf6 33. Rxb7 Rxb7 34. g3 f4 35. Nd3 fxg3 36. hxg3 b4 37. c4 Nc7 38. Nc5 Rb6 39. Nd7+ Kf5 40. Re5+ Kg4 41. Nf6+ Kf3 42. Re3# 1-0

[Event "Port of Spain op 44th"]
[Site "Port of Spain"]
[Date "2017.04.20"]
[Round "1"]
[White "Seaforth, Sylvan"]
[Black "Rambally, Eon"]
[Result "1-0"]
[WhiteElo "1755"]
[BlackElo "1292"]
[PlyCount "35"]
[EventDate "2017.04.20"]
[EventType "swiss"]
[EventRounds "7"]
[EventCountry "TRI"]
[SourceTitle "EXT 2018"]
[Source "ChessBase"]
[SourceDate "2017.10.13"]
[SourceVersion "1"]
[SourceVersionDate "2017.10.13"]
[SourceQuality "1"]

1. d4 d5 2. c4 dxc4 3. Nc3 c6 4. a4 a6 5. e4 Qb6 6. Bxc4 Nd7 7. Nge2 Ndf6 8. 0-0 h6 9. a5 Qc7 10. Bf4 Qd7 11. Na4 Qd8 12. Nb6 Rb8 13. Bxb8 Bg4 14. Bf4 Bxe2 15. Bxe2 Nxe4 16. d5 g5 17. Be5 f6 18. Bh5# 1-0

[Event "De Verteuil Memorial 23rd"]
[Site "Port of Spain"]
[Date "2015.10.15"]
[Round "2"]
[White "Wiltshire, Louis"]
[Black "Rambally, Eon"]
[Result "1-0"]
[WhiteElo "1618"]
[BlackElo "1355"]
[PlyCount "51"]
[EventDate "2015.10.08"]
[EventType "swiss"]
[EventRounds "7"]
[EventCountry "TRI"]
[SourceTitle "CBM 169 Extra"]
[Source "ChessBase"]
[SourceDate "2015.12.18"]
[SourceVersion "1"]
[SourceVersionDate "2015.12.18"]
[SourceQuality "1"]

1. d4 d5 2. c4 b6 3. Nc3 dxc4 4. e4 Ba6 5. Be3 c6 6. Nf3 Nd7 7. Qa4 Qc8 8. Be2 b5 9. Qc2 Qb7 10. a3 Nb6 11. Rd1 Na4 12. 0-0 e6 13. Rb1 Nf6 14. Nd2 c5 15. e5 cxd4 16. Bxd4 Nd5 17. Nxa4 bxa4 18. Qxa4+ Qb5 19. Qc2 Bc5 20. Bxc4 Qa5 21. b4 Bxb4 22. Bxd5 Rc8 23. Bc6+ Ke7 24. axb4 Qd8 25. Bc5+ Qd6 26. Bxd6+ 1-0

[Event "Port of Spain Knights op"]
[Site "Port of Spain"]
[Date "2015.05.28"]
[Round "7"]
[White "Flower, Trevor"]
[Black "Rambally, Eon"]
[Result "1-0"]
[WhiteElo "1732"]
[BlackElo "1375"]
[PlyCount "119"]
[EventDate "2015.04.16"]
[EventType "swiss"]
[EventRounds "7"]
[EventCountry "TRI"]
[SourceTitle "EXT 2023"]
[Source "ChessBase"]
[SourceDate "2022.10.05"]
[SourceVersion "1"]
[SourceVersionDate "2022.10.05"]
[SourceQuality "1"]

1. d4 d5 2. c4 b6 3. cxd5 Qxd5 4. Nc3 Qd7 5. e4 Ba6 6. Nge2 e6 7. a3 Bd6 8. g3 Ne7 9. e5 Qc6 10. Rg1 Bxe5 11. dxe5 Nd7 12. Bg5 Qc5 13. Bxe7 Kxe7 14. Bg2 Rad8 15. Qa4 Bd3 16. Qh4+ Ke8 17. Rd1 Nxe5 18. f4 Ng6 19. Qg4 f5 20. Qf3 Qc4 21. Nc1 Qd4 22. Rf1 Be4 23. Rxd4 Bxf3 24. Rxd8+ Kxd8 25. Bxf3 Re8 26. Bh5 e5 27. Bxg6 hxg6 28. fxe5 Rxe5+ 29. Kf2 g5 30. Nd3 Ra5 31. Nb4 Rc5 32. Rd1+ Kc8 33. Ncd5 g6 34. Ne7+ Kb7 35. Nxg6 a5 36. Nd3 Rc2+ 37. Kg1 c5 38. Nge5 c4 39. Nf2 b5 40. Rb1 b4 41. Nf3 c3 42. bxc3 Rxc3 43. Nxg5 Rxa3 44. Nf7 Ka6 45. Nd6 Rf3 46. Kg2 Rc3 47. Nxf5 b3 48. h4 a4 49. Nd4 Rc4 50. Nxb3 Rc3 51. Na1 a3 52. Rb3 Rxb3 53. Nxb3 Kb5 54. Ne4 Kc6 55. g4 Kd5 56. Kf3 Ke6 57. h5 Kf7 58. g5 Kg7 59. Kf4 Kh7 60. Kf5 1-0